Central Library OPAC University of Rajshahi

ইসলাম ও আধুনিক সমাজ / (Record no. 57480)

MARC details
000 -LEADER
fixed length control field 00800nam a2200229 a 4500
001 - CONTROL NUMBER
control field 57480
003 - CONTROL NUMBER IDENTIFIER
rucl marc code BD-RjUL
005 - DATE AND TIME OF LATEST TRANSACTION
control field 20211209080522.0
008 - FIXED-LENGTH DATA ELEMENTS--GENERAL INFORMATION
fixed length control field 161210s1983 bg ||||| |||| 00| 0 ben d
020 ## - INTERNATIONAL STANDARD BOOK NUMBER
Terms of availability : Tk.20.00
035 ## - SYSTEM CONTROL NUMBER
System control number (BD-RjUL)57604
040 ## - CATALOGING SOURCE
Original cataloging agency BD-RjUL
Language of cataloging ben
Transcribing agency BD-RjUL
Modifying agency BD-RjUL
041 ## - LANGUAGE CODE
Language code of text/sound track or separate title ben
082 ## - DEWEY DECIMAL CLASSIFICATION NUMBER
Edition number 23
Classification number 297.27
Author mark and year HAI 1983
100 ## - MAIN ENTRY--PERSONAL NAME
Personal name হক, তমিজুল
9 (RLIN) 118504
245 10 - TITLE STATEMENT
Title ইসলাম ও আধুনিক সমাজ /
Statement of responsibility, etc. তমিজুল হক
260 ## - PUBLICATION, DISTRIBUTION, ETC. (IMPRINT)
Place of publication, distribution, etc. ঢাকা :
Name of publisher, distributor, etc. সৈয়দ ফারুক আজম,
Date of publication, distribution, etc. ১৯৮৩
300 ## - PHYSICAL DESCRIPTION
Pagination ১৭৯ পৃ. ;
Size ২১ সেমি.
650 ## - SUBJECT ADDED ENTRY--TOPICAL TERM
Topical term or geographic name as entry element ইসলাম এবং সামাজিক বিজ্ঞান
9 (RLIN) 125140
Topical term or geographic name as entry element Islam and Social Science
9 (RLIN) 125141
942 ## - ADDED ENTRY ELEMENTS (KOHA)
Source of classification or shelving scheme Dewey Decimal Classification
Koha item type Books
Holdings
Lost status Source of classification or shelving scheme Damaged status Not for loan Collection code Permanent Location Current Location Shelving location Date acquired Source of acquisition Cost, normal purchase price Total Checkouts Full call number Date last seen Copy number Koha item type
  Dewey Decimal Classification   Not For Loan Non-fiction Central Library, University of Rajshahi Central Library, University of Rajshahi Reading Room 09/04/1984 Books view, Dhaka. 20.00   B 297.27 HAI 1983 10/12/2016 C-1 Books